00406nam a22001337a 4500003000400000005001700004008004100021040002200062082002000084110004200104245005600146260005100202300001900253OSt20221006211701.0221006b |||||||| |||| 00| 0 eng d cBiblioteca Lado V a700.4521bM986f aMuseo Nacional de Bellas Artesbautor aFemenino Plural/bArte al borde del tercer milenio/ aBuenos AiresbTalleres Gráficos Ripollc1998 a134p.c17x24cm